000 00368nam a22001337a 4500
008 250319b |||||||| |||| 00| 0 eng d
020 _a9782104140
050 _aJS7656
_b.Z63
100 _aZOAKA, Ali Yusuf
245 _aIssues in Local Government Administration in Nigeria
260 _aZaria
_bTomaza Publishing Company Ltd.
_c1998
300 _aix, 86p.
942 _cBK
999 _c2447
_d2447